La Desmilitarización total como nuevo paradigma de seguridad en Centroamérica /

Furkejuvvon:
Bibliográfalaš dieđut
Váldodahkki: Brenes, Arnoldo
Materiálatiipa: Texto
Fáddágilkorat: Lasit fáddágilkoriid
Eai fáddágilkorat, Lasit vuosttaš fáddágilkora!

MARC

LEADER 00000 a a2200000 04500
001 4985
003
040
100 |a Brenes, Arnoldo  
245 |a La Desmilitarización total como nuevo paradigma de seguridad en Centroamérica /  |c Arnoldo Brenes 
773 |g número 38; páginas 36-38  
999 |c 21340  |d 21340